Historiografia vývoja účtovníctva v krajinách V4 bakalárska práca

Guardado en:
Detalles Bibliográficos
Autor principal: Petro, Kristián
Autor Corporativo: Národohospodárska fakulta EU. Katedra financií
Otros Autores: Staríčková, Zuzana
Formato: Libro
Lenguaje:eslovaco
Publicado: Bratislava 2020
Etiquetas: Agregar Etiqueta
Sin Etiquetas, Sea el primero en etiquetar este registro!

MARC

LEADER 00000nbm a2200000 4500
001 0265656
005 20200925132758.8
041 0 |a slo 
044 |a SK 
245 1 0 |a Historiografia vývoja účtovníctva v krajinách V4  |b bakalárska práca  |c Kristián Petro ; školiteľ: Zuzana Staríčková 
264 1 |a Bratislava  |c 2020 
300 |a 47 s. 
100 1 |a Petro, Kristián 
700 1 |a Staríčková, Zuzana 
710 2 |a Národohospodárska fakulta EU. Katedra financií